Vicente de Lardizábal, médico donostiarra de la Ilustración / (Record no. 18715)

MARC details
000 -LEADER
campo de control de longitud fija 00827nam a2200229 i 4500
001 - NÚMERO DE CONTROL
campo de control 18715
003 - IDENTIFICADOR DE NÚMERO DE CONTROL
campo de control ES-MaACL
005 - FECHA Y HORA DE LA ÚLTIMA TRANSACCIÓN
campo de control 20250813030955.0
007 - CAMPO FIJO DE DESCRIPCIÓN FÍSICA--INFORMACIÓN GENERAL
campo de control de longitud fija t|
008 - DATOS DE LONGITUD FIJA--INFORMACIÓN GENERAL
campo de control de longitud fija 020305s1970 sp ||||1| spa d
080 ## - NÚMERO DE LA CLASIFICACIÓN DECIMAL UNIVERSAL
Número de la Clasificación Decimal Universal 929 Lardizábal, Vicente de
080 ## - NÚMERO DE LA CLASIFICACIÓN DECIMAL UNIVERSAL
Número de la Clasificación Decimal Universal 61(460)"17"
100 1# - ENTRADA PRINCIPAL--NOMBRE DE PERSONA
Nombre de persona Martí Lloret, Juan Bautista.
9 (RLIN) 77224
245 10 - MENCIÓN DEL TÍTULO
Título Vicente de Lardizábal, médico donostiarra de la Ilustración /
Mención de responsabilidad, etc. por Juan Bautista Martí Lloret.
260 ## - PUBLICACIÓN, DISTRIBUCIÓN, ETC.
Lugar de publicación, distribución, etc. San Sebastián :
Nombre del editor, distribuidor, etc. Publicaciones de la Excma. Diputación Provincial de Guipúzcoa,
Fecha de publicación, distribución, etc. 1970.
300 ## - DESCRIPCIÓN FÍSICA
Extensión 255 p., [9] h. de lám. ;
Dimensiones 25 cm.
600 14 - PUNTO DE ACCESO ADICIONAL DE MATERIA--NOMBRE DE PERSONA
Nombre de persona Lardizábal, Vicente de.
9 (RLIN) 70233
650 14 - PUNTO DE ACCESO ADICIONAL DE MATERIA--TÉRMINO DE MATERIA
Término de materia o nombre geográfico como elemento de entrada Medicina-
Subdivisión geográfica España-
Subdivisión cronológica S.XVIII
9 (RLIN) 14905
710 1# - ENTRADA AGREGADA--NOMBRE DE ENTIDAD CORPORATIVA
Nombre de entidad corporativa o nombre de jurisdicción como elemento de entrada Guipúzcoa.
Unidad subordinada Diputación Provincial.
9 (RLIN) 4555
852 ## - LOCALIZACIÓN
Ubicación ES-MaACL
Número de control de estantería L-25290
Sublocalización o colección R.130447
Holdings
Estatus retirado Estado de pérdida Estado de daño No para préstamo Biblioteca de origen Biblioteca actual Ubicación en estantería Fecha de adquisición Fuente de adquisición Total de préstamos Signatura topográfica completa Código de barras Visto por última vez Precio de reemplazo Tipo de ítem Koha
        Biblioteca del Ateneo de Madrid Biblioteca del Ateneo de Madrid Depósito 2 17/01/2008     L-25290 1019152 23/02/2023 23/02/2023 Libro impreso